000 01361cad a22002415a 4500
001 L158531
008 150413s2015 xxk f 000 0 eng d
035 _a(Sirsi) u158531
041 0 _aeng
110 2 _aKnight Frank
_91530
245 0 0 _aLondon hotspots
_bresidential development opportunity areas
_h[electronic resource]
260 _aLondon
_bKnight Frank
_c2015
520 _aA review of how the 13 residential development hotspots in London identified in the 2011 report have fared between then and 2015 with most of the areas performing in line with or beyond the achieveable new build prices forecasted. Predicts that some of the 2011 hotspots will continue to outperform well up to the end of 2018. Some additional hotspots beyond lprime Central London have been added. Notes the impact the opening of Crossrail by 2018 will have on property prices. Top 2015 hotspots are Acton, Old Oak Common, Earls court, Bayswater, Nine Elms, Victoria, Mayfair, Euston, KingsCross and Dalston & Hackney.
590 _aKA
650 2 4 _aHOTSPOTS
650 2 4 _aPRIME
650 2 4 _aCROSSRAIL
651 4 _aLondon
690 _aResidential property
_96266
690 _aInfrastructure
_96246
856 4 0 _uhttps://www.knightfrank.co.uk/research/london-development-hotspots-2015-2823.aspx
_zView the item free of charge at www.knightfrank.co.uk
942 _n0
999 _c115361
_d115361